| 000 | 02029cam a2200505 i 4500 | ||
|---|---|---|---|
| 001 | 876668744 | ||
| 003 | OCoLC | ||
| 005 | 20200219205448.0 | ||
| 008 | 140707s2014 txua c 000 1 eng | ||
| 010 | _a2014022875 | ||
| 020 | _a9781558857988 (alk. paper) | ||
| 020 | _a1558857982 (alk. paper) | ||
| 035 | _a(OCoLC)876668744 | ||
| 040 |
_aDLC _beng _erda _cDLC _dIG# _dBTCTA _dOI6 _dOCP _dSAP _dYDXCP _dOCLCO _dWAU _dOCLCO _dOCLCF _dOCLCO |
||
| 041 | 1 |
_aspa _aeng |
|
| 042 |
_apcc _alcac |
||
| 090 |
_aLT4730.G4828 _bL48 2014 |
||
| 100 | 1 |
_aGil, L. M. _q(Lydia M.), _d1970- _eauthor. |
|
| 245 | 1 | 0 |
_aCartas del cielo = _bLetters from heaven / _cLydia Gil. |
| 246 | 3 | 1 | _aLetters from heaven |
| 260 |
_aHouston, Texas : _bPinata Books, Arte Publico Press, _c[2014] |
||
| 264 | 1 |
_aHouston, Texas : _bPinata Books, Arte Publico Press, _c[2014] |
|
| 300 |
_a58, 58 pages : _billustrations ; _c22 cm. |
||
| 336 |
_atext _btxt _2rdacontent. |
||
| 337 |
_aunmediated _bn _2rdamedia. |
||
| 338 |
_avolume _bnc _2rdacarrier. |
||
| 520 | _aCeleste is heartbroken when her grandmother dies, but when letters and recipes begin to arrive with her grandmother's advice and recipes, Celeste finds consolation in preparing the dishes for herself, her mother, and their friends. Includes six traditional Cuban recipes. | ||
| 546 | _aText in English and Spanish, bound together, back-to-back and inverted. | ||
| 650 | 0 |
_aGrief _vJuvenile fiction. |
|
| 650 | 0 |
_aGrandmothers _vJuvenile fiction. |
|
| 650 | 0 |
_aCooking _vJuvenile fiction. |
|
| 650 | 0 |
_aCuban Americans _vJuvenile fiction. |
|
| 650 | 0 |
_aLetters _vJuvenile fiction. |
|
| 650 | 1 |
_aGrief _vFiction. |
|
| 650 | 1 |
_aGrandmothers _vFiction. |
|
| 650 | 1 |
_aCooking _vFiction. |
|
| 650 | 1 |
_aCuban Americans _vFiction. |
|
| 650 | 1 |
_aLetters _vFiction. |
|
| 650 | 1 |
_aSpanish language materials _xBilingual. |
|
| 650 | 1 | _aUpside-down books. | |
| 655 | 7 |
_aFiction. _2lcgft. |
|
| 655 | 7 |
_aUpside-down books. _2lcgft. |
|
| 655 | 7 |
_aSpecimens. _2fast _0(OCoLC)fst01423861. |
|
| 942 |
_cBK _2ddc |
||
| 999 |
_c23924 _d23924 |
||